Statistics for Matt Damon Movies

Click here to take the quiz!

General Stats

  • This quiz has been taken 41 times
    (25 since last reset)
  • The average score is 8 of 25

Answer Stats

Release YearCostarsMovie% Correct
1997Minnie Driver, Robin WilliamsGood Will Hunting
88%
2001Brad Pitt, George ClooneyOcean's Eleven
88%
2006Leonardo DiCaprio, Jack NicholsonThe Departed
79%
2002Brian Cox, Franka PotenteThe Bourne Identity
63%
1999Gwyneth Paltrow, Philip Seymour HoffmanThe Talented Mr. Ripley
46%
1999Alan Rickman, George CarlinDogma
42%
2015Benedict Wong, Michael PenaThe Martian
42%
2014Anne Hathaway, Michael CaineInterstellar
38%
2010Hailee Steinfeld, Jeff BridgesTrue Grit
38%
1998Bryan Cranston, Tom HanksSaving Private Ryan
33%
2014Bill Murray, John GoodmanThe Monuments Men
33%
2011Elle Fanning, Scarlett JohannsonWe Bought a Zoo
29%
2019Christian Bale, Jon BernthalFord v Ferrari
25%
1996Denzel Washington, Meg RyanCourage Under Fire
21%
2009Morgan Freeman, Scott EastwoodInvictus
21%
2011Gwyneth Paltrow, Laurence FishburneContagion
17%
2016Jing Tian, Willem DafoeThe Great Wall
17%
2000Charlize Theron, Will SmithThe Legend of Bagger Vance
17%
1997Danny DeVito, Virginia MadsenThe Rainmaker
17%
2013Alice Braga, Diego LunaElysium
13%
2021Abigail Breslin, Camille CottonStillwater
13%
1993Gene Hackman, Robert DuvallGeronimo: An American Legend
8%
2017Julianne Moore, Oscar IsaacSuburbicon
8%
2005George Clooney, Jeffrey WrightSyriana
8%
2011Elijah Wood, Robin WilliamsHappy Feet 2
4%

Score Distribution

Percentile by Number Answered

Percent of People with Each Score

Your Score History

You have not taken this quiz since the last reset